| 000 | 00578nam a2200205 a 4500 | ||
|---|---|---|---|
| 001 | 4858 | ||
| 003 | CDMR | ||
| 005 | 20131105164928.0 | ||
| 008 | 130130s2009||||||||||||||||||||||||||||d | ||
| 020 | _a9788461315062 | ||
| 040 |
_aCDMR _bcat _cCDMR |
||
| 245 | 0 | _aHumoristas por la libertad de expresión | |
| 260 |
_aMadrid _cDL 2009 _bReporteros sin Fronteras |
||
| 300 |
_a134 p. _bil. col. |
||
| 490 | 0 | _aPor la libertad de Prensa | |
| 650 | 0 | 4 |
_93084 _aHumorisme gràfic |
| 650 | 0 | 4 |
_93073 _aLlibertat d'expressió |
| 710 |
_91249 _aReporteros Sin Fronteras |
||
| 942 |
_cMON _2udc |
||
| 999 |
_c4858 _d4858 |
||